Szczegóły MARC21

Projektowanie działalności kulturalno-oświatowej /

003 -Nazwa inst., której nr kontr. jest w polu 001 [,]
    • @
    • Nazwa instytucji, której n kontrolny jest w polu 001
    • NUKAT
005 -DATA I CZAS OSTATNIEJ MODYFIKACJI [,]
    • @
    • pole kontrolne
    • 20241231105246.0
040 -Instytucja sporządzająca opis [ , ]
    • a
    • Instytucja, która sporządziła opis (NP)
    • TOR U/PDAG
    • c
    • Instytucja, która sporządziła rekord (NP)
    • TOR U/PDJR
    • d
    • Instytucja, która zmodyfikowała rekord (P)
    • TOR U/AP
    • d
    • Instytucja, która zmodyfikowała rekord (P)
    • GD U/ISSs
942 -Rodzaj dokumentu [ , ]
    • c
    • Rodzaj dokumentu
    • Książka
100 -Hasło główne - nazwa osobowa [1, ]
    • a
    • Nazwa osobowa (NP)
    • Jankowski, Dzierżymir
    • d
    • Daty biograficzne (NP)
    • (1932-2023).
    • 9
    • KHW
    • 56666
245 -Strefa tytułu i oznaczenia odpowiedzialności [1,0]
    • a
    • Tytuł
    • Projektowanie działalności kulturalno-oświatowej / Find
    • c
    • Pozostałe elementy strefy tytułu i oznaczenia odpowiedzialności (NP)
    • Dzierżymir Jankowski.
260 -Strefa adresu wydawniczego [ , ]
    • a
    • Miejsce wydania (P)
    • Warszawa :
    • b
    • Nazwa wydawcy (P)
    • Centralny Ośrodek Metodyki Upowszechniania Kultury,
    • c
    • Data wydania (P)
    • 1979.
300 -Strefa opisu fizycznego [ , ]
    • a
    • Określenie formy książki i/lub objętość (NP)
    • 62, [2] s. :
    • b
    • Oznaczenie ilustracji (NP)
    • 1 rys. ;
    • c
    • Format (NP)
    • 17 cm.
336 -Typ zawartości [ , ]
    • a
    • Termin opisujący typ zawartości
    • Tekst
    • b
    • Kod określający zawartość
    • txt
    • 2
    • Źródło (terminu i kodu)
    • rdacontent
337 -Typ mediów [ , ]
    • a
    • Tryb odtwarzania
    • Bez urządzenia pośredniczącego
    • b
    • Kod typu mediów
    • n
    • 2
    • Źródło (terminu i kodu)
    • rdamedia
338 -Typ/rodzaj nośnika [ , ]
    • a
    • Hasło opisujące typ nośnika
    • Wolumin
    • b
    • Kod typu nośnika
    • nc
    • 2
    • Źródło (terminu i kodu)
    • rdacarrier
080 -Uniwersalna Klasyfikacja Dziesiętna [ , ]
    • a
    • Symbol klasyfikacji
    • 374
    • 2
    • Identyfikator wydania tablic
    • UDC-P058
    • 9
    • UKD
    • 3906
    • b
    • Dopowiedzenie
    • Nauczanie i wychowanie pozaszkolne. Oświata pozaszkolna. Praca kulturalno-oświatowa. Domy kultury.
080 -Uniwersalna Klasyfikacja Dziesiętna [ , ]
    • a
    • Symbol klasyfikacji
    • 005.5
    • 2
    • Identyfikator wydania tablic
    • UDC-P058
    • 9
    • UKD
    • 2182
    • b
    • Dopowiedzenie
    • Zarządzanie. Działania zarządcze.
650 -Hasło przedmiotowe [ ,7]
    • a
    • Hasło przedmiotowe
    • Animacja społeczno-kulturalna.
    • 2
    • Źródło terminu
    • kaba
    • 9
    • KHW
    • 101399
980 -Symbol UKD [ , ]
    • a
    • UKD
    • 374:005.5
710 -Hasło dodatkowe - nazwa ciała zbiorowego [2, ]
    • a
    • Nazwa ciała zbiorowego lub nazwa geograficzna jako pierwszy element (NP)
    • Centralny Ośrodek Metodyki Upowszechniania Kultury.
    • 4
    • Kod relacji
    • pbl
    • 9
    • KHW
    • 87974
Data inwentaryzacji Lokalizacja Status udost. Numer inwentarzowy Sygnatura
2005-11-16BG1Z.37386Z.37386
2005-11-16BG-3W.81630 
2005-11-16BG-3W.81629 
2005-11-16BG-3W.81628 
2005-11-16BG-3W.81627 
2005-11-16BG-3W.81626 
 BNS1ANS.13889637.6/J-23
 BNS2Pd.1299